| 000 | 00553nam a2200157Ia 4500 | ||
|---|---|---|---|
| 008 | 170221s9999 xx 000 0 und d | ||
| 100 | _aChad Edwards | ||
| 245 | _aSocial Presence on LinkedIn: Perceived Credibility and Interpersonal Attractiveness Based on User Profile Picture | ||
| 245 | _cChad Edwards, Brett Stoll, Natalie Faculak, Sandi Karman | ||
| 260 | _bOnline Journal of Communication and Media Technologies | ||
| 260 | _c2015 | ||
| 300 | _a5 : 4 | ||
| 650 | _xCommunication | ||
| 650 | _xMedia Arts | ||
| 856 | _uhttp://www.ojcmt.net/ | ||
| 999 |
_c307112 _d307112 |
||